000
00321pab a2200145 454500
008
180718b2006 xxu||||| |||| 00| 0 eng d
100
_a
Kaul, Arun
245
_a
Monetary policy: first quarter review
260
_c
2006
300
_a
p.41-42.
362
_a
Oct
650
_a
Women
773
_a
Yojana
909
_a
71723
999
_c
71723
_d
71723